[Event "POR-ch Absolute 2018"]
[Site "Braga"]
[Date "2018.09.04"]
[Round "3"]
[White "Martins, David Pires Tavares"]
[Black "Padeiro, Jose"]
[Result "1-0"]
[WhiteElo "2402"]
[BlackElo "2209"]
[Annotator "TA"]
[PlyCount "142"]
[EventDate "2018.09.02"]
[EventType "tourn"]
[EventCountry "POR"]
[SourceTitle "playchess.com"]
[Source "ChessBase"]
[SourceQuality "1"]

{[%evp 19,142,26,18,-8,-6,-8,-7,-8,-4,-52,-43,-70,-58,-55,0,0,0,-8,-9,-9,-6,-9,0,0,0,0,6,0,0,0,0,-11,-14,-12,0,-9,0,0,0,0,0,0,0,0,0,0,0,0,0,0,2,0,13,9,10,10,11,6,86,7,8,7,8,12,12,8,14,14,18,11,12,11,20,21,14,8,8,8,8,8,8,6,22,18,120,72,70,71,62,65,72,36,42,8,72,8,8,8,23,8,9,18,30,28,31,13,30,0,0,0,0,0,45,0,272,245,552,589,693,683,1511,1477,1949,1802,1488]} 1. d4 Nf6 2. c4 e6 3. Nc3 Bb4 4. Qc2 O-O 5. a3 Bxc3+ 6. Qxc3 b5 7. cxb5 c6 8. f3 Nd5 {E32: Nimzoindisch (4.Dc2)} 9. Qd2 f5 10. e3 cxb5 {LiveBook: 5 Partien. Weiß hat minimalen Vorteil.} 11. Bxb5 (11. Nh3 Qb6 12. Bd3 Nc6 13. O-O a5 14. Qf2 Ba6 15. Rd1 b4 16. e4 fxe4 17. Bxe4 {½-½ (24) Laznicka,V (2651)-Nisipeanu,L (2687) Germany 2017}) 11... Nxe3 $146 ({Vorgänger:} 11... Qb6 12. Bd3 Nc6 13. Ne2 Na5 14. Rb1 Ba6 15. Bxa6 Qxa6 16. b4 {1-0 (42) Dao,T (2550)-Bitoon,R (2436) Quezon City 2000}) 12. Qxe3 Qa5+ 13. Bd2 Qxb5 14. Ne2 Ba6 15. Bc3 Nc6 16. Kf2 Qxe2+ (16... Qb6 {seems wilder.} 17. Rhe1 Bxe2 18. d5 exd5 19. Qxb6 axb6 20. Kxe2 Rfe8+) 17. Qxe2 Bxe2 18. Kxe2 Rfb8 19. Rhd1 {Mit der Idee d5.} Ne7 20. b4 Nd5 21. Bd2 Kf7 22. Rdc1 d6 23. Rab1 Ke7 24. Rc6 Rb6 25. Rbc1 Kd7 26. R6c2 Rbb8 27. Kd3 Rc8 (27... h6 {keeps more tension.} 28. Ke2 g5 29. h4 gxh4 30. Rh1 Rg8) 28. a4 {[%cal Ba3a4,Ba4a5][%mdl 32]} Rxc2 29. Rxc2 $11 {[%mdl 4096] Endspiel KTL-KTS} a6 30. Rb2 Nb6 31. a5 Nd5 32. b5 axb5 33. Rxb5 Kc6 34. Rb1 Ra7 35. Rc1+ Kb5 36. Rc8 Rc7 37. Re8 Re7 38. Ra8 e5 (38... Kc6 $11) 39. dxe5 ({Lieber} 39. Rb8+ $16 Kc6 40. dxe5) 39... dxe5 40. Rb8+ Kc5 41. Rc8+ Kb5 42. Rc2 Rd7 43. Rb2+ Kc5 44. Ke2 Ra7 45. g3 Kc4 46. Rc2+ Kb5 47. Be1 g6 48. Rc8 Ne7 49. Rb8+ Kc4 50. Rb6 Nd5 51. Re6 Nc3+ (51... Rb7 $11) 52. Kf1 {Droht stark Tc6+.} Kd5 53. Rb6 Na4 54. Rb5+ Ke6 55. Ke2 Ra6 56. Rb7 h5 (56... Nc5 $11 {hält das Gleichgewicht.} 57. Rb5 (57. Rxh7 Nb3 $11) 57... Rc6) 57. Rg7 (57. Bb4 $16) 57... Kd5 58. Rd7+ Ke6 59. Rd1 (59. Rb7 {is more complex.} Nc5 60. Rb5 Rc6 61. Bf2 Nd7 62. Kd3) 59... Nc5 60. Bb4 Nd7 61. Kd3 {Kc4 ist eine echte Drohung.} Rc6 62. Rd2 g5 63. h4 {[%cal Bh2h4,Bh4h5,Bh5h6,Bh6h7][%mdl 32]} g4 64. fxg4 hxg4 65. h5 e4+ 66. Ke3 Ne5 $2 {[%mdl 8192] [#]} (66... Nf6 $11) 67. Ra2 $18 Ra6 $2 (67... Nd3 {ist eine bessere Chance.}) 68. h6 {Weiß steht klar auf Gewinn.} Nf7 69. h7 Ra8 70. Bc3 Rd8 71. Bd4 Kd5 {Precision: Weiß = 53%, Schwarz = 47%.} 1-0

[Event "POR-ch Absolute 2018"]
[Site "Braga"]
[Date "2018.09.04"]
[Round "3"]
[White "Sousa, Andre Ventura"]
[Black "Rego, Pedro Filipe"]
[Result "1/2-1/2"]
[WhiteElo "2365"]
[BlackElo "2270"]
[Annotator "TA"]
[PlyCount "66"]
[EventDate "2018.09.02"]
[EventType "tourn"]
[EventCountry "POR"]
[SourceTitle "playchess.com"]
[Source "ChessBase"]
[SourceQuality "1"]

{[%evp 17,66,0,21,8,8,16,24,16,8,14,83,46,29,30,58,66,113,96,80,31,21,20,57,64,82,80,85,12,18,14,14,16,25,23,36,0,0,-6,-15,-20,-20,-97,-30,-209,-194,-159,-175,-172,-180,-191,-115]} 1. e4 c5 2. Nf3 e6 3. d4 cxd4 4. Nxd4 Nc6 5. Nc3 Qc7 6. Be3 a6 7. Qf3 {B48: Sicilian: Taimanov: 5 Nc3 Qc7 6 Be3 a6 without Be2} d6 (7... Nf6 8. O-O-O Ne5 9. Qg3 b5 10. a3 Bb7 11. Bxb5 Rc8 12. Ba4 Nxe4 13. Nxe4 Bxe4 14. Bf4 Qc4 15. Bxe5 Qxa4 {1-0 (38) Vachier Lagrave,M (2789)-Anand,V (2776) Karlsruhe/Baden-Baden 2018}) 8. Qg3 Nf6 9. O-O-O Bd7 {LiveBook: 30 Games} 10. Nxc6 Bxc6 11. f3 b5 12. Kb1 Rc8 13. Bd3 {[#]} d5 $146 (13... g6 $11) ({Predecessor:} 13... Nd7 14. Rhe1 Nc5 {1-0 (42) Lopez Martinez,J (2552)-Ivanisevic,I (2648) Sitges 2016}) 14. e5 Nd7 15. f4 b4 16. Ne2 Bb5 17. Nd4 g6 18. Nxb5 axb5 19. Bxb5 Be7 20. Ba4 Ra8 21. Bb3 Bc5 22. f5 (22. Bd2 $16) 22... Bxe3 $11 23. fxe6 fxe6 {[#] Threatens to win with ...Bc5.} 24. Qxe3 O-O 25. h4 Qa7 ({Don't blunder} 25... Nxe5 $2 26. Rhe1 $18) 26. Qh3 Nc5 27. Rhf1 Qa6 $36 {[%mdl 2048] Black is pushing.} 28. Rxf8+ Rxf8 29. Qg4 (29. c3 $11) 29... Rf1 (29... Ne4 $17 {Strongly threatening ...Nf2.} 30. Re1 Rf5) 30. Kc1 $2 (30. h5 $11 {and White is okay.}) 30... Ne4 $19 {[#] Hoping for ...Nf2.Black is clearly better.} 31. Rxf1 Qxf1+ 32. Qd1 Qf4+ {[%mdl 1024] Black has strong compensation.} 33. Kb1 Qxe5 {Precision: White = 40%, Black = 40%.} (33... Qxh4 $19 34. Qg1 Qg3) 1/2-1/2

[Event "POR-ch Absolute 2018"]
[Site "Braga"]
[Date "2018.09.04"]
[Round "3"]
[White "Silva, Luis Neves Da"]
[Black "Veiga, Jose Francisco R P "]
[Result "1/2-1/2"]
[WhiteElo "2353"]
[BlackElo "2231"]
[Annotator "TA"]
[PlyCount "162"]
[EventDate "2018.09.02"]
[EventType "tourn"]
[EventCountry "POR"]
[SourceTitle "playchess.com"]
[Source "ChessBase"]
[SourceQuality "1"]

{[%evp 19,162,48,49,38,38,23,41,26,32,1,2,13,15,14,4,20,87,0,0,0,0,-6,0,0,0,0,0,0,27,25,27,27,27,27,34,34,34,27,34,34,37,37,35,33,47,44,59,38,43,33,33,33,36,36,36,33,33,33,33,0,33,0,33,33,123,123,123,123,123,123,123,124,124,39,119,119,119,119,119,119,119,119,119,119,119,119,119,119,119,119,119,119,119,98,98,98,98,98,99,98,99,52,77,0,99,99,99,99,99,99,99,98,99,71,99,98,98,71,98,68,98,68,98,98,98,89,102,72,102,12,12,0,0,0,0,0,0,0,0,0,0,0,0,0,0]} 1. d4 Nf6 2. c4 c5 3. Nf3 g6 4. Nc3 Bg7 5. e4 O-O 6. Be2 d6 7. O-O Bg4 8. d5 e6 9. Bf4 exd5 10. exd5 Nh5 {[%cal Bf6h5,Bh5g7,Bg7f5,Bf5d4][%mdl 32] LiveBook: 3 Games. E91: King's Indian: Classical: 6 Be2, unusual replies including 6...c5 and 6...Bg4} (10... Re8 11. h3 Bxf3 12. Bxf3 a6 13. a4 Qc7 14. Qd2 Nbd7 15. Rfe1 Rxe1+ 16. Rxe1 Re8 17. Rxe8+ Nxe8 18. b3 {1-0 (39) Turov,M (2658)-Guseinov,G (2616) Tashkent 2012}) 11. Bg5 Bf6 12. Bh6 $146 ({Predecessor:} 12. Be3 Re8 13. h3 Bc8 14. g4 Ng7 15. Bf4 h5 16. Nd2 Be5 17. Bxe5 Rxe5 18. Nde4 {1-0 (39) Jarmula,L (2498)-Dlugosz,J (2367) Zgierz 2018}) 12... Re8 {White has an edge.} 13. Qd2 Ng7 14. Rae1 Nd7 15. b3 Nf5 {White must now prevent ...Bxc3.} 16. Bf4 Bxf3 17. Bxf3 Be5 {[#]} (17... Ne5 $11) 18. Bg5 (18. Bg4 $1 $16) 18... f6 $11 {And now ...Bxc3 would win.} 19. Bf4 Nd4 20. Bd1 f5 21. Bg5 Qa5 22. Ne2 Qxd2 23. Bxd2 Nxe2+ 24. Bxe2 Re7 25. g3 Rae8 26. Bd3 Bd4 27. Rxe7 Rxe7 28. Re1 Rxe1+ 29. Bxe1 {[%mdl 4096] Endgame KBB-KBN} Ne5 30. Be2 Kf7 31. Kg2 Kf6 32. h3 g5 33. Bd2 Ng6 34. Bd3 h5 35. Be2 g4 36. f3 {[%cal Rh3g4]} Ne5 37. Bf4 Bc3 38. Bh6 Nf7 39. Bf4 {[%cal Rh3g4]} Ne5 40. Bh6 Nf7 41. Bf8 {[%cal Rh3g4]} gxh3+ (41... gxf3+ $14 42. Bxf3 Kg6) 42. Kxh3 $16 f4 43. gxf4 Bd2 44. Kh4 Bxf4 45. Kxh5 Ng5 46. Bd3 ({White should play} 46. Kg4 $16 Nh7 47. Bg7+ (47. Kxf4 Nxf8 48. Ke4 Ng6 $16) 47... Kxg7 48. Kxf4) 46... Nh3 (46... Nxf3 $14 47. Kg4 Bh6 48. Bxd6 (48. Bxh6 Ne5+ 49. Kf4 Nxd3+ 50. Ke4 Nf2+ 51. Kf3 Nd3 $14) (48. Kxf3 Bxf8 49. Ke4 Kg5 $11) 48... Ne5+ 49. Kh5 Nxd3 50. Kxh6 a6) 47. Kg4 Kf7 48. Bxd6 $1 Bxd6 49. Kxh3 {KB-KB} Kf6 50. Kg4 Be5 51. Bf5 Bd6 52. Be6 b6 53. f4 {[%cal Bf3f4,Bf4f5][%mdl 32]} Be7 54. Kf3 Bd6 55. Ke4 Kg6 56. f5+ Kg5 57. Kd3 Kf6 58. Kc2 Be5 59. Bc8 Ke7 60. Ba6 Kf6 61. Bc8 (61. b4 $5) 61... Ke7 62. Kd3 Bd6 63. Kd2 Be5 64. Kc2 Kd6 65. Be6 Ke7 66. Bg8 Kd6 67. Bf7 Ke7 68. Bh5 (68. Bg6 {is more complex.} Kf6 69. Kd3 Ke7 70. Bh5 Bc7 71. Be2) 68... Kd6 69. Be2 Ke7 70. Bd3 Kd6 71. Kd2 Ke7 72. Kd1 Kd6 73. Kc2 Ke7 74. b4 ({White should try} 74. Kd2 $16) 74... cxb4 $11 {The position is equal.} 75. Kb3 Bd6 76. Ka4 a6 $1 77. c5 bxc5 78. Ka5 Kf6 79. Kxa6 Ke5 80. Kb5 Kxd5 81. Bc4+ Ke5 {Precision: White = 64%, Black = 58%.} 1/2-1/2

[Event "POR-ch Absolute 2018"]
[Site "Braga"]
[Date "2018.09.04"]
[Round "3"]
[White "Martins, Bruno Andre Leite"]
[Black "Rocha, Sergio"]
[Result "1/2-1/2"]
[WhiteElo "2262"]
[BlackElo "2379"]
[Annotator "RC"]
[PlyCount "105"]
[EventDate "2018.09.02"]
[EventType "tourn"]
[EventCountry "POR"]
[SourceTitle "playchess.com"]
[Source "ChessBase"]
[SourceQuality "1"]
[TimeControl "40/5400+30:1800+30"]

1. e4 {[%emt 0:00:00]} d5 {[%emt 0:00:05]} 2. exd5 Qxd5 {[%emt 0:00:06]} 3. Nc3 {[%emt 0:00:00]} Qa5 {[%emt 0:00:05]} 4. d4 {[%emt 0:00:00]} Nf6 {[%emt 0:00:07]} 5. Nf3 {[%emt 0:00:14]} c6 {[%emt 0:00:05]} 6. Bc4 {[%emt 0:00:49]} Bf5 {[%emt 0:01:03]} 7. Ne5 {[%emt 0:01:52]} e6 {[%emt 0:00:15]} 8. g4 {[%emt 0:00:44]} Be4 {[%emt 0:00:30]} 9. O-O {[%emt 0:10:03]} Bd5 {[%emt 0:00:32]} 10. Qe2 {[%emt 0:02:58]} Nbd7 11. Nxd5 cxd5 12. Bb5 a6 13. Bxd7+ Nxd7 14. Nxd7 Kxd7 15. Bd2 Qc7 16. Qf3 f6 17. c4 dxc4 18. Bf4 Bd6 19. Bxd6 Kxd6 20. b3 c3 21. Rac1 Rac8 22. Rfe1 Qc6 23. d5 exd5 24. Qf4+ Kd7 25. Qf5+ Kc7 26. Re6 Qc5 27. Rxc3 Qxc3 28. Qf4+ Qe5 29. Rxe5 fxe5 30. Qxe5+ Kc6 31. Qc3+ Kb6 32. Qxg7 Rcd8 33. Qd4+ Kc6 34. b4 b6 35. a4 Rhe8 36. a5 bxa5 37. bxa5 Kb5 38. h4 Kxa5 39. g5 Kb5 40. Qd3+ Kc5 41. Qxh7 d4 42. Qd3 Rh8 43. g6 Rxh4 44. Qf5+ Rd5 45. Qc8+ Kb5 46. Qb7+ Kc4 47. Qxa6+ Kc5 48. Qa7+ Kc4 49. Qa6+ Kc5 50. Qc8+ Kb5 51. Qe8+ Kc4 52. Qa4+ Kc5 53. Qa7+ 1/2-1/2

[Event "POR-ch Absolute 2018"]
[Site "Braga"]
[Date "2018.09.04"]
[Round "3"]
[White "Vasques, Antonio Pedro Freix"]
[Black "Fernandes, Antonio"]
[Result "0-1"]
[WhiteElo "2239"]
[BlackElo "2389"]
[Annotator "TA"]
[PlyCount "50"]
[EventDate "2018.09.02"]
[EventType "tourn"]
[EventCountry "POR"]
[SourceTitle "playchess.com"]
[Source "ChessBase"]
[SourceQuality "1"]

{[%evp 9,50,36,49,0,25,0,0,0,0,0,-4,0,0,9,27,4,35,5,54,43,70,62,107,-44,-64,-48,-46,-75,-82,-87,-87,-89,-76,-95,-94,-124,-99,-131,-108,-289,-266,-277,-245]} 1. e4 d6 2. d4 Nf6 {[%cal Bg8f6,Bf6g4,Bg4e3][%mdl 32]} 3. Nc3 c6 4. Be3 Qa5 5. Qd2 e5 {LiveBook: 11 Games} 6. O-O-O {B07: Pirc Defence: Miscellaneous Systems} (6. f3 Be7 7. Nge2 Nbd7 8. g4 b5 9. Ng3 exd4 10. Bxd4 b4 11. Nd1 Ne5 12. Be2 h6 13. Ne3 {1-0 (40) Sethuraman,S (2513)-Shoker,S (2472) Paris 2010}) 6... Be7 7. Kb1 Ng4 8. f4 $146 {The position is equal.} ({Predecessor:} 8. Bd3 Nxe3 9. fxe3 Bf6 10. Nf3 Bg4 11. Be2 O-O 12. h3 Bxf3 13. Bxf3 {1-0 (49) Mifsud,T (2230)-Wade,R (2265) La Valetta 1996}) 8... Nxe3 9. Qxe3 exd4 10. Qxd4 O-O 11. Nf3 Nd7 12. Qd2 Qb6 13. g4 {[%cal Bg2g4,Bg4g5][%mdl 32]} Nc5 (13... d5 $5) 14. g5 Bg4 15. Be2 f5 {[#]} 16. h3 $2 ({White should try} 16. Nd4 $1 $16) 16... Bxf3 $1 $15 17. Bxf3 fxe4 18. Bxe4 Nxe4 19. Nxe4 d5 $40 {[%mdl 128] White is in trouble.} 20. Ng3 Qb4 21. Qxb4 Bxb4 22. Rhf1 {[#]} Rae8 $1 23. Rf3 Bd6 24. Rdf1 $2 {[#]} (24. Nh5 $17 {keeps fighting.}) 24... Rxf4 $1 {[%mdl 512]} 25. c3 (25. Rxf4 Bxf4) 25... Ref8 {Precision: White = 17%, Black = 53%.} 0-1

[Event "POR-ch Absolute 2018"]
[Site "Braga"]
[Date "2018.09.05"]
[Round "4"]
[White "Fernandes, Antonio"]
[Black "Sousa, Andre Ventura"]
[Result "0-1"]
[WhiteElo "2389"]
[BlackElo "2365"]
[Annotator "NA RC"]
[PlyCount "65"]
[EventDate "2018.09.02"]
[EventType "tourn"]
[EventCountry "POR"]
[SourceTitle "playchess.com"]
[Source "ChessBase"]
[SourceQuality "1"]
[TimeControl "40/5400+30:1800+30"]

1. e4 e5 2. Nf3 Nc6 3. d4 exd4 4. Nxd4 Bb4+ 5. c3 Bc5 6. Be3 Bb6 7. f3 Nf6 8. Qd2 O-O 9. c4 Ne5 10. Nc3 c6 11. Be2 d5 12. cxd5 cxd5 13. f4 Nc4 14. Bxc4 dxc4 15. O-O-O Bg4 16. Nf3 Qxd2+ 17. Bxd2 Rad8 18. Rde1 Bxf3 19. gxf3 Rd3 20. Rhf1 Rfd8 21. Re2 Rxd2 22. Rxd2 Be3 23. Rfd1 Bxf4 24. Kc2 Rxd2+ 25. Rxd2 Bxd2 26. Kxd2 Nd7 27. f4 Kf8 28. Ke3 Nc5 29. f5 Nd3 30. b3 Ne5 31. bxc4 Nxc4+ 32. Kd4 Nd6 33. Nd5 0-1

[Event "POR-ch Absolute 2018"]
[Site "Braga"]
[Date "2018.09.05"]
[Round "4"]
[White "Rocha, Sergio"]
[Black "Padeiro, Jose"]
[Result "0-1"]
[WhiteElo "2379"]
[BlackElo "2209"]
[Annotator "TA"]
[PlyCount "157"]
[EventDate "2018.09.02"]
[EventType "tourn"]
[EventCountry "POR"]
[SourceTitle "playchess.com"]
[Source "ChessBase"]
[SourceQuality "1"]

{[%evp 12,157,22,23,46,49,68,67,70,47,51,43,41,35,85,91,87,77,102,87,89,41,109,99,150,69,92,48,93,31,156,154,166,132,257,257,268,268,268,268,270,110,111,73,81,67,70,43,43,43,40,40,55,40,47,43,93,54,58,52,98,97,150,123,138,141,150,150,142,100,94,92,111,111,110,111,195,68,68,68,63,50,64,40,63,40,50,40,40,40,40,40,55,52,68,69,100,100,109,85,130,131,185,160,185,170,215,184,183,150,156,152,118,96,98,83,103,-8,-8,-8,-8,-15,-15,-15,-15,-40,-18,-24,-25,-26,-35,-43,0,-13,0,-8,-8,-27,0,0,0,0,0,0,0,0,0,-20]} 1. d4 Nf6 2. Nf3 e6 3. c4 Bb4+ 4. Nbd2 d5 5. e3 O-O 6. a3 Bxd2+ {E11: Bogo-Indian} (6... Be7 7. b3 b6 8. Bb2 Bb7 9. Bd3 Ne4 10. Qc2 f5 11. Rc1 c6 12. Ne5 Nxd2 13. Qxd2 Nd7 14. Nxd7 Qxd7 {0-1 (45) Dreev,A (2644)-Bartel,M (2622) Berlin 2015}) 7. Qxd2 {LiveBook: 17 Games} (7. Kxd2 c5 $15) 7... Ne4 8. Qc2 a5 $146 {White is slightly better.} ({Predecessor:} 8... f5 9. Bd3 Nd7 10. b3 c6 11. Bb2 a5 12. a4 Qf6 13. Qe2 Qh6 14. O-O {1-0 (110) Malaniuk,V (2498)-Gassanov,A (2358) Urmia 2008}) 9. Bd3 f5 10. Ne5 Nd7 11. Nxd7 Bxd7 12. O-O c6 13. f3 Nf6 14. Bd2 b5 15. b3 Qb6 16. c5 Qc7 (16... Qd8 $14) 17. Be1 $16 f4 (17... Qd8 $142 18. Bg3 a4) 18. Bh4 (18. exf4 $16 Qxf4 19. Bc3) 18... e5 $14 19. Rae1 Rae8 20. exf4 (20. Bxf6 $16 Rxf6 21. Bxh7+ Kh8 22. Bg6) 20... exd4 ({Better is} 20... e4 $1 $14) 21. Qd2 $16 Qa7 22. b4 Nh5 (22... axb4 $16 {was necessary.} 23. axb4 (23. Qxb4 Nh5 $14) 23... Qa3) 23. Rxe8 $18 ({Worse is} 23. bxa5 Nxf4 24. Rxe8 Bxe8 $11) 23... Bxe8 24. f5 axb4 25. axb4 Qc7 26. Bf2 (26. Re1 $18 {has better winning chances.}) 26... Qf4 $16 27. Rd1 (27. Qd1 {feels hotter.} Qh6 28. Re1 Nf4 29. Bf1 Bd7 30. g4) 27... Qxd2 28. Rxd2 Nf4 29. Bxd4 {Hoping for Bb1.} Nxd3 30. Rxd3 {aiming for Re3.} Rxf5 $14 {[%mdl 4096] Endgame KRB-KRB} 31. Kf2 Rf7 32. Ra3 Re7 33. g4 h5 34. h3 Kh7 35. Ra8 hxg4 36. hxg4 Bd7 (36... Kg6 $142) 37. Ra7 Rf7 38. Kg3 Be8 39. Ra8 Re7 40. Kf4 Kg6 41. Be5 Bf7 42. Rc8 Be8 43. Bd6 Rf7+ {[#]} (43... Bd7 $16 44. Ra8 (44. Bxe7 Bxc8 45. Ke5 Bd7 $16) 44... Re6) 44. Ke3 (44. Kg3 $1 $18 Bd7 45. Rh8) 44... Bd7 45. Rd8 Kf6 46. Rg8 Be6 47. Ra8 Bd7 48. Ra6 Kg5 49. Be5 Re7 50. Kd4 Rf7 51. Ra7 Kg6 52. Ke3 Be8 53. Ra6 Kg5 54. Kf2 Re7 55. Kg3 Kg6 56. f4 Kf7 {[#]} (56... Kh6 $16 {was called for.}) 57. Kh4 $1 $18 Ke6 58. Kg5 {Threatens to win with Bd6.} d4 59. Bxd4 Kd5 60. Be5 $1 Kc4 61. Bd6 Rb7 62. Rb6 Ra7 63. f5 Kxb4 64. f6 (64. Rb8 $16 Bf7 65. Bf8) 64... gxf6+ 65. Kxf6 Rf7+ 66. Ke5 Rf1 67. g5 Kc4 68. Rb8 Bg6 {White must now prevent ...Rf5+.} 69. Be7 b4 70. Kd6 Be4 71. Bf6 Rf5 72. Re8 Bd5 73. Re1 b3 74. Rc1+ Kd3 75. Rd1+ {The position is equal.} Kc2 76. Rg1 b2 {[#]} 77. Bxb2 $1 {[%mdl 512]} Kxb2 78. g6 Rf8 79. Rg5 {Precision: White = 51%, Black = 49%.} 0-1

[Event "POR-ch Absolute 2018"]
[Site "Braga"]
[Date "2018.09.05"]
[Round "4"]
[White "Rego, Pedro Filipe"]
[Black "Silva, Luis Neves Da"]
[Result "1/2-1/2"]
[WhiteElo "2270"]
[BlackElo "2353"]
[Annotator "NA"]
[PlyCount "69"]
[EventDate "2018.09.02"]
[EventType "tourn"]
[EventCountry "POR"]
[SourceTitle "playchess.com"]
[Source "ChessBase"]
[SourceQuality "1"]
[TimeControl "40/5400+30:1800+30"]

1. e4 {[%emt 0:00:00]} e5 {[%emt 0:00:00]} 2. Nf3 {[%emt 0:00:00]} Nc6 {[%emt 0:00:00]} 3. d4 {[%emt 0:00:24]} exd4 {[%emt 0:00:02]} 4. Nxd4 {[%emt 0:00:10]} Nf6 {[%emt 0:00:08]} 5. Nc3 {[%emt 0:05:02]} Bb4 {[%emt 0:00:25]} 6. Nxc6 {[%emt 0:00:04]} bxc6 {[%emt 0:00:04]} 7. Bd3 {[%emt 0:00:05]} d5 {[%emt 0:00:03]} 8. exd5 {[%emt 0:00:07]} O-O {[%emt 0:00:05]} 9. O-O {[%emt 0:01:37]} Bg4 {[%emt 0:00:03]} 10. f3 {[%emt 0:25:40]} Bh5 {[%emt 0:00:06]} 11. Bg5 {[%emt 0:00:45]} Bxc3 {[%emt 0:09:07]} 12. bxc3 {[%emt 0:00:17]} cxd5 {[%emt 0:00:12]} 13. Qd2 {[%emt 0:02:34]} Qd6 {[%emt 0:07:41]} 14. Qf4 {[%emt 0:01:54]} Qc5+ {[%emt 0:28:01]} 15. Qd4 {[%emt 0:01:18]} Qxd4+ {[%emt 0:00:15]} 16. cxd4 {[%emt 0:00:05]} Bg6 {[%emt 0:00:10]} 17. Rab1 {[%emt 0:06:35]} Rfe8 {[%emt 0:03:35]} 18. Kf2 {[%emt 0:00:51]} Re6 {[%emt 0:02:26]} 19. Rfe1 {[%emt 0:00:56]} Bxd3 {[%emt 0:09:02]} 20. cxd3 {[%emt 0:01:05]} Rxe1 {[%emt 0:03:05]} 21. Kxe1 {[%emt 0:00:21]} Nd7 {[%emt 0:00:13]} 22. Rb7 {[%emt 0:01:39]} Nf8 {[%emt 0:01:05]} 23. Bf4 {[%emt 0:04:49]} c6 {[%emt 0:14:49]} 24. Rb8 {[%emt 0:01:33]} Rxb8 {[%emt 0:00:07]} 25. Bxb8 {[%emt 0:00:01]} a6 {[%emt 0:01:26]} 26. Kd2 {[%emt 0:00:14]} Ne6 {[%emt 0:00:48]} 27. Kc3 {[%emt 0:01:31]} Nd8 {[%emt 0:00:01]} 28. Bc7 {[%emt 0:02:05]} Nb7 {[%emt 0:00:02]} 29. Kd2 {[%emt 0:16:59]} Kf8 {[%emt 0:00:04]} 30. Ke3 {[%emt 0:02:25]} Ke7 {[%emt 0:00:01]} 31. Bb8 {[%emt 0:00:47]} Ke6 {[%emt 0:02:01]} 32. g4 {[%emt 0:01:01]} f6 {[%emt 0:00:21]} 33. h4 Nd8 34. f4 {[%emt 0:04:59]} f5 {[%emt 0:00:13]} 35. g5 {[%emt 0:00:09] Ke5 Ke4+} 1/2-1/2

[Event "POR-ch Absolute 2018"]
[Site "Braga"]
[Date "2018.09.05"]
[Round "4"]
[White "Martins, Bruno Andre Leite"]
[Black "Vasques, Antonio Pedro Freix"]
[Result "0-1"]
[WhiteElo "2262"]
[BlackElo "2239"]
[Annotator "NA"]
[PlyCount "80"]
[EventDate "2018.09.02"]
[EventType "tourn"]
[EventCountry "POR"]
[SourceTitle "playchess.com"]
[Source "ChessBase"]
[SourceQuality "1"]
[TimeControl "40/5400+30:1800+30"]

1. e4 {[%emt 0:00:00]} c5 {[%emt 0:05:06]} 2. Nf3 {[%emt 0:00:00]} Nc6 {[%emt 0:00:28]} 3. Bb5 {[%emt 0:00:00]} g6 {[%emt 0:00:46]} 4. Bxc6 {[%emt 0:00:20]} dxc6 {[%emt 0:00:10]} 5. d3 {[%emt 0:00:17]} Bg7 {[%emt 0:00:14]} 6. h3 {[%emt 0:00:15]} e5 {[%emt 0:03:04]} 7. Nc3 {[%emt 0:00:50]} Nf6 {[%emt 0:05:50]} 8. Be3 {[%emt 0:04:56]} Qd6 {[%emt 0:08:35]} 9. Qd2 {[%emt 0:04:57]} O-O {[%emt 0:07:10]} 10. Bh6 {[%emt 0:00:50]} b6 {[%emt 0:30:26]} 11. Bxg7 {[%emt 0:00:21]} Kxg7 {[%emt 0:00:01]} 12. b3 {[%emt 0:00:28]} Ne8 {[%emt 0:00:51]} 13. Ne2 {[%emt 0:01:04]} Nc7 {[%emt 0:00:31]} 14. h4 {[%emt 0:08:44]} h5 {[%emt 0:04:58]} 15. Nh2 {[%emt 0:24:07]} f5 {[%emt 0:07:41]} 16. exf5 {[%emt 0:04:34]} Bxf5 {[%emt 0:00:37]} 17. Ng3 {[%emt 0:05:12]} Qd4 {[%emt 0:02:58]} 18. Rd1 {[%emt 0:09:09]} Qxh4 {[%emt 0:01:03]} 19. Nf3 {[%emt 0:06:53]} Qf4 {[%emt 0:00:27]} 20. Nxf5+ {[%emt 0:00:55]} Rxf5 {[%emt 0:01:50]} 21. Qe2 {[%emt 0:00:30]} Qb4+ {[%emt 0:02:36]} 22. Kf1 {[%emt 0:00:23]} Re8 {[%emt 0:01:54]} 23. Qe4 {[%emt 0:14:14]} Re6 {[%emt 0:05:15]} 24. c4 {[%emt 0:07:34]} Rf4 {[%emt 0:01:57]} 25. Qe3 {[%emt 0:00:23]} Qc3 {[%emt 0:01:06]} 26. g3 {[%emt 0:04:37]} Rf8 {[%emt 0:01:02]} 27. Re1 {[%emt 0:00:28]} Ref6 {[%emt 0:04:31]} 28. Nxe5 {[%emt 0:00:15]} Rxf2+ {[%emt 0:00:24]} 29. Qxf2 {[%emt 0:00:05]} Rxf2+ {[%emt 0:00:02]} 30. Kxf2 {[%emt 0:00:05]} Ne6 {[%emt 0:00:43]} 31. Nf3 {[%emt 0:01:27]} Nd4 {[%emt 0:00:44]} 32. Nxd4 {[%emt 0:00:08]} cxd4 {[%emt 0:00:25]} 33. Re7+ {[%emt 0:00:49]} Kf6 {[%emt 0:00:09]} 34. Rhe1 {[%emt 0:01:04]} Qxd3 {[%emt 0:00:32]} 35. R1e6+ {[%emt 0:00:36]} Kg5 {[%emt 0:00:05]} 36. Re5+ {[%emt 0:00:16]} Kg4 {[%emt 0:00:32]} 37. Re4+ {[%emt 0:00:05]} Kg5 {[%emt 0:00:08]} 38. R4e5+ {[%emt 0:00:06]} Kh6 {[%emt 0:00:40]} 39. Rxa7 {[%emt 0:00:18]} Qc2+ {[%emt 0:00:10]} 40. Re2 {[%emt 0:00:00]} d3 {[%emt 0:00:00]} 0-1